The speech writing guide : professional techniques for regular and occasional speakers /
| Main Author: | |
|---|---|
| Format: | Book |
| Published: |
New York:
John Wiley & Sons,Inc,
c1968.
|
| Subjects: |
| LEADER | 00532cam a2200181 7i4500 | ||
|---|---|---|---|
| 001 | 0000044493 | ||
| 005 | 20151104090000.0 | ||
| 005 | ##20151104154600.0 | ||
| 003 | ##MY-KlINT | ||
| 020 | # | # | |a 0471933597 |
| 039 | # | 9 | |y 201511041546 |z VLOAD |
| 090 | 0 | 0 | |a 808.5 |b WEL |
| 100 | 1 | # | |a WELSH, James J. |
| 245 | 0 | 0 | |a The speech writing guide : |b professional techniques for regular and occasional speakers / |c James J. Welsh. |
| 260 | # | # | |a New York: |b John Wiley & Sons,Inc, |c c1968. |
| 300 | # | # | |a 128p; |c 24cm. |
| 500 | # | # | |a Include index |
| 650 | # | 0 | |a Speechwriting |